| 000 | 00909nam0a2200253 4500 | ||
|---|---|---|---|
| 001 | RU\NLR\BIBL_A\010584345 | ||
| 005 | 20250614074925.0 | ||
| 035 | _a(NLR Aleph) 010584345 | ||
| 090 |
_a10475527 _c10475527 |
||
| 100 | _a20150114d1979 |||y0rusy50 ca | ||
| 101 | 0 | _asah | |
| 102 | _aRU | ||
| 105 | _ay z 000yy | ||
| 200 | 1 |
_aХотугу суолларга _e(бэлиэтээһиннэр, санаалар) _fС. Новгородов |
|
| 210 |
_aЯкутскай _cСаха сиринээҕи кинигэ изд-вота _d1979 |
||
| 215 |
_a95 с. _d14 |
||
| 225 | 1 | _aССКП XXV съеһин уураахтарын олоххо! | |
| 541 | 1 |
_aНа северных дорогах _zrus |
|
| 686 | 1 | _aУ9(2)32 | |
| 700 | 1 |
_aНовгородов _bС. А. _gСемен Алексеевич _4070 |
|
| 852 |
_aNLR _bОНЛ _jЯкут./1-386 |
||
| 942 | _cBOOK | ||
| 980 | _aNB | ||